000 03619nam0a2200433 i 4500
001 RU\NLR\bibl\1921894
005 20260406020004.0
010 _a9785890167743
_9500
021 _aRU
_b2012-44762
_93293
035 _a(nilc)RSL-KNO-005452549
035 _a(NLR Aleph) 001911348
090 _a3180602
_c3180602
100 _a20120625d2011 u y0rusy50 ca
101 0 _arus
102 _aRU
105 _ay |||||||||
200 1 _aКриминальные банкротства в системе преступлений в сфере экономической деятельности: проблемы квалификации, эффективная реализация уголовной ответственности, назначение справедливого наказания и оптимальное их предупреждение
_dCriminal bankruptcy in the system of crimes in economic activity: the problems of qualification, efficient implementation of criminal responsibility, determination of a jast punishment and their optimal prevention
_eучебное пособие для студентов обучающихся по специальности 030501.65, 030900.62, 030900.68 "Юриспруденция"
_fМ. Ю. Дворецкий, А. В. Макаров, А. Н. Копырюлин
_gМ-во образования и науки Российской Федерации, Федеральное гос. бюджетное образовательное учреждение высш. проф. образования "Тамбовский гос. ун-т им. Г. Р. Державина"
_zeng
210 _aТамбов
_cИзд-во ТГУ
_d2011
215 _a171 с.
_d20
300 _aАвт. также на англ. яз.: M.Yu. Dvoretsky, A.V. Makarov, A.N. Kopyryulin
320 _aБиблиогр.: с. 101-108 (81 назв.) и в подстроч. примеч.
510 1 _6z22790
_aCriminal bankruptcy in the system of crimes in economic activity: the problems of qualification, efficient implementation of criminal responsibility, determination of a jast punishment and their optimal prevention
_zeng
606 1 _aБанкротство злостное
_jУчебные издания
_xКвалификация
_yРоссийская Федерация
_92529845
_3RU\NLR\auth\661498536
606 1 _aБанкротство злостное
_jУчебные издания
_xПредупреждение
_yРоссийская Федерация
_92475935
_3RU\NLR\auth\661470156
606 1 _aБанкротство злостное
_jУчебные издания
_xУголовная ответственность
_yРоссийская Федерация
_92195663
_3RU\NLR\auth\661319642
686 _aХ628.111.6я73-1
_2rubbk
686 _aХ628.111.605я7
686 _aХ628.322.16я7
686 _aХ628.111.6я7
700 1 _4070
_8rus
_7ca
_aДворецкий
_bМ. Ю.
_cканд. юрид. наук
_f1966-
_gМихаил Юрьевич
_3RU\NLR\auth\7740257
_923209
701 1 _4070
_8rus
_7ca
_aМакаров
_bА. В.
_cюрист, криминалист
_gАлексей Владимирович
_3RU\NLR\auth\77121466
_9104391
701 1 _4070
_8rus
_7ca
_aКопырюлин
_bА. Н.
_gАлексей Николаевич
_3RU\NLR\auth\7767926
_950854
790 1 _4070
_8rus
_7ba
_aDvoreckij
_bM. Ju.
_cканд. юрид. наук
_f1966-
_gMichail Jur'evič
_3RU\NLR\auth\7740263
_923215
801 0 _aRU
_bRuMoRKP
_c20120625
_grcr
801 1 _aRU
_bРГБ
_c20120625
801 2 _aRU
_bNLR
_c20120705
_grcr
942 _cBOOK
980 _aNBR